Investigación sobre desarrollo social : actividades del UNRISD 1991/92 /

Сохранить в:
Библиографические подробности
Формат: Неизвестно
Язык:Spanish
Опубликовано: Suiza : UNRISD
Метки: Добавить метку
Нет меток, Требуется 1-ая метка записи!

MARC

LEADER 00000 a2200000 04500
001 48220
003 cru CIDCACS/IIS
005 20170525102314.0
008 050613s1991 sz spa d
040 |c CIDCACS/IIS 
090 |a 05.01.02 I59i  
245 |a Investigación sobre desarrollo social :   |b actividades del UNRISD 1991/92 /  |c Instituto de Investigación de las Naciones Unidas para el Desarrollo Social  
260 |a Suiza :   |b UNRISD  
300 |a 108 páginas :   |b tabla, gráfico  
942 |2 ddc  |c LI 
999 |c 6588  |d 6588